| 000 | 00872nam a22001817a 4500 | ||
|---|---|---|---|
| 999 |
_c7972 _d7972 |
||
| 008 | 230717b ||||| |||| 00| 0 eng d | ||
| 040 | _aCDMR | ||
| 245 |
_aRecomanacions sobre el tractament de la comunitat gitana als mitjans de comunicació [recurs electrònic] _c/ Consell de l'Audiovisual de Catalunya, Federación Nacional de Asociaciones de Mujeres Gitanas (Kamira) |
||
| 260 |
_aBarcelona : _bCAC, _c2018 |
||
| 300 | _a1 recurs electrònic (20 pàgines) | ||
| 650 | 0 |
_9983 _aÈtica periodística |
|
| 650 | 0 |
_94693 _aGitanos _xCobertura periodística |
|
| 650 | 0 |
_93819 _aRacisme en els mitjans de comunicació de massa |
|
| 710 | 1 |
_9828 _aConsell de l'Audiovisual de Catalunya |
|
| 710 |
_94990 _aFederación Nacional de Asociaciones de Mujeres Gitanas (Kamira) |
||
| 856 |
_uhttps://omeka.periodistes.cat/items/show/558 _zAccés en línia |
||
| 942 |
_2udc _cLLIBRE-E |
||